000
002880000a22000970004500
100
1
_a
Shaw, Charles S.
245
1
0
_a
The sins of Rehoboam : The purpose of 3 Kingdoms 12.24a-z
300
_a
Núm 73 (1997), Páginas 55-64
773
0
_t
Journal for the Study of the Old Testament
942
_c
ANA
999
_c
54863
_d
54863